Multi-Photon Quantum Information Science and Technology in Integrated Optics (رقم التسجيلة. 36059)
[ عرض عادي ]
| 000 -الفاتح | |
|---|---|
| حقل البيانات ثابتة الطول | 01254cam a22003252 b4500 |
| 001 - رقم الضبط | |
| رقم الضبط | 10191256 |
| 003 - محدد رقم الضبط | |
| رقم الضبط | OSt |
| 005 - وقت وتاريخ اخر تعامل مع التسجيلة | |
| رقم الضبط | 20150408114227.0 |
| 006 - عناصر البيانات ثابتة الطول - خصائص المادة الاضافية-معلومات عامة | |
| حقل البيانات ثابتة الطول | m d |
| 007 - الحقل الثابت للوصف المادى- معلومات عامة | |
| حقل البيانات ثابتة الطول | cr n |
| 008 - عناصر البيانات ثابتة الطول - معلومات عامة | |
| حقل البيانات ثابتة الطول | 120719e20121006njua s|||||||| ||eng|d |
| 020 ## - الرقم الدولى المعيارى للكتب | |
| الرقم الدولى المعيارى للكتاب | 9783642328695 |
| 020 ## - الرقم الدولى المعيارى للكتب | |
| الرقم الدولى المعيارى للكتاب | 3642328695 (Trade Cloth) |
| شروط الاتاحة | USD 129.00 Retail Price (Publisher) |
| 024 3# - معرف معيارى اخر | |
| الرقم او الرمز المعيارى | 9783642328695 |
| 035 ## - رقم ضبط النظام | |
| رقم ضبط النظام | (WaSeSS)ssj0000798930 |
| 037 ## - مصدر التزويد | |
| رقم المخزون | 3642328695 |
| مصدر رقم المخزون/ التزويد | 00024965 |
| 040 ## - مصدر الفهرسة | |
| وكالة الفهرسة الأصلية | BIP US |
| وكالة التعديل | WaSeSS |
| 082 ## - رقم تصنيف ديوى العشرى | |
| رقم الطبعة | 23 |
| رقم التصنيف | 535.15 |
| رقم المادة | MJM |
| 100 1# - المدخل الرئيسى - إسم شخصى | |
| الإسم الشخصى | Matthews, Jonathan C. F. |
| الدور | Author |
| 210 10 - العنوان المختصر | |
| العنوان المختصر | Multi-Photon Quantum Information Science and Technology in Integrated Optics |
| 245 10 - بيان العنوان | |
| العنوان | Multi-Photon Quantum Information Science and Technology in Integrated Optics |
| الوسيط | [electronic resource] |
| 260 ## - PUBLICATION, DISTRIBUTION, ETC. (IMPRINT) | |
| مكان الناشر او الموزع | New York : |
| اسم الناشر او الموزع | Springer |
| تاريخ النشر أو التوزيع | Oct. 2012 |
| 440 #0 - بيان السلسلة/مدخل إضافى-العنوان | |
| العنوان | Springer Theses Ser. |
| 506 ## - تبصرة قيود الاتاحة | |
| قيود الإتاحة | License restrictions may limit access. |
| 521 ## - تبصرة الجمهور المستهدف | |
| تبصرة الجمهور المستهدف | Scholarly & Professional |
| المصدر | Springer |
| 773 #0 - مدخل المادة المضيفة | |
| العنوان | SpringerLink ebooks - Physics and Astronomy (2013) |
| 856 40 - الوصول و الموقع الالكترونى | |
| معرف المصدر الموحد | <a href="http://www.columbia.edu/cgi-bin/cul/resolve?clio10191256">http://www.columbia.edu/cgi-bin/cul/resolve?clio10191256</a> |
| تبصرة عامة | Full text available from SpringerLink ebooks - Physics and Astronomy (2013) |
| 910 ## - بيانات اختيارية للمستخدم | |
| User-option data | Bowker Global Books in Print record |
| 942 ## - عناصر المدخل الإضافي( كوها) | |
| مصدر التصنيف او مخطط الترفيف | Dewey Decimal Classification |
| Koha [default] item type | كتاب |
| حالة الفقد | نموذج السعر الفعال | حالة تلف | ليس للاعارة | رقم الطلب | تاريخ الاكتساب | الموقع الحالي | الباركود | الفرع الرئيسي | Date last seen | نوع المادة فى نظام كوها | مصدر التصنيف او خطة الترفيف | Total Checkouts |
|---|---|---|---|---|---|---|---|---|---|---|---|---|
| 2014-10-22 | 535.15 MJM | 2014-10-22 | المكتبة المركزية بالمجمعة (CL) | 00405160 | المكتبة المركزية بالمجمعة (CL) | 2014-10-22 | كتاب | Dewey Decimal Classification | ||||
| 2014-10-22 | 535.15 MJM | 2014-10-22 | المكتبة المركزية بالمجمعة (CL) | 00405161 | المكتبة المركزية بالمجمعة (CL) | 2014-10-22 | كتاب | Dewey Decimal Classification | ||||
| 2014-10-22 | 535.15 MJM | 2014-10-22 | المكتبة المركزية بالمجمعة (CL) | 00405162 | المكتبة المركزية بالمجمعة (CL) | 2014-10-22 | كتاب | Dewey Decimal Classification | ||||
| 2014-10-22 | 535.15 MJM | 2014-10-22 | مكتبة مجمع الكليات بالزلفى - طلاب (SZM) | 00405163 | مكتبة مجمع الكليات بالزلفى - طلاب (SZM) | 2014-10-22 | كتاب | Dewey Decimal Classification | ||||
| 2014-10-22 | 535.15 MJM | 2014-10-22 | مكتبة مجمع الكليات بالزلفى - طلاب (SZM) | 00405164 | مكتبة مجمع الكليات بالزلفى - طلاب (SZM) | 2014-10-22 | كتاب | Dewey Decimal Classification |
